Diamond interchange program / (Record no. 611925)

MARC details
000 -LEADER
fixed length control field 00914nam a2200289 a 4500
001 - CONTROL NUMBER
control field vtls001356978
003 - CONTROL NUMBER IDENTIFIER
control field NLI
005 - DATE AND TIME OF LATEST TRANSACTION
control field 20210627045411.0
008 - FIXED-LENGTH DATA ELEMENTS--GENERAL INFORMATION
fixed length control field 120625s1981 dcu f000 0 eng
039 #9 - LEVEL OF BIBLIOGRAPHIC CONTROL AND CODING DETAIL [OBSOLETE]
-- 201206251814
-- VLOAD
040 ## - CATALOGING SOURCE
Original cataloging agency NLI
Language of cataloging eng
Transcribing agency Datasoft_FOD_6
Description conventions AACR2
041 0# - LANGUAGE CODE
Language code of text/sound track or separate title eng
044 ## - COUNTRY OF PUBLISHING/PRODUCING ENTITY CODE
MARC country code dcu
082 04 - DEWEY DECIMAL CLASSIFICATION NUMBER
Classification number 387.740440202
110 1# - MAIN ENTRY--CORPORATE NAME
Corporate name or jurisdiction name as entry element United State.
Subordinate unit Department of Transportation
9 (RLIN) 738033
245 10 - TITLE STATEMENT
Title Diamond interchange program /
Statement of responsibility, etc. United State, Department of Transportation
260 ## - PUBLICATION, DISTRIBUTION, ETC.
Place of publication, distribution, etc. Washington, D.C. :
Name of publisher, distributor, etc. The Department,
Date of publication, distribution, etc. 1981
300 ## - PHYSICAL DESCRIPTION
Extent ii, 81 p. ;
Dimensions 28 cm.
650 #0 - SUBJECT ADDED ENTRY--TOPICAL TERM
Topical term or geographic name entry element Airplanes
General subdivision Operation
9 (RLIN) 738521
650 #0 - SUBJECT ADDED ENTRY--TOPICAL TERM
Topical term or geographic name entry element Transportation services
General subdivision Aircraft
9 (RLIN) 738522
887 ## - NON-MARC INFORMATION FIELD
Content of non-MARC field
901 ## - LOCAL DATA ELEMENT A, LDA (RLIN)
a AD 124353
b 26.10.2010
9 1981
902 ## - LOCAL DATA ELEMENT B, LDB (RLIN)
a U.S 387.740440202 Un 3
904 ## - LOCAL DATA ELEMENT D, LDD (RLIN)
l H 588.
949 ## - LOCAL PROCESSING INFORMATION (OCLC)
-- VIRTUAITEM
-- 10002
-- 100
6 FOD000124353ENG
9 1981
942 ## - ADDED ENTRY ELEMENTS (KOHA)
Source of classification or shelving scheme Dewey Decimal Classification
Koha item type Books
Holdings
Withdrawn status Lost status Damaged status Not for loan Collection code Home library Current library Shelving location Date acquired Total Checkouts Full call number Barcode Date last seen Price effective from Koha item type
          National Library of India National Library of India       U.S 387.740440202 Un 3 FOD000124353ENG 27/06/2021 27/06/2021 Books
                                                                           
web counter

Copyright ©2020 The National Library of India, Govt. of India ↔ Hosted by NVLI, MOC ↔ Technology and Design by National Library of India, Ministry of Culture, Govt. of India